Body Part Expressions Quiz Stats

 Plays Quiz Updated Dec 20, 2014

Support Sporcle.
Go Orange.
Score 0/32 Timer 05:00
0 Plays Today
Expression Body Part % Correct
Absence makes the ____ grow fonderHeart
97.5%
Beauty is in the ___ of the beholderEye
95.8%
Put your best ____ forwardFoot
94.7%
Joined at the ____Hip
94.3%
____ over matterMind
94.2%
Achilles' ____Heel
94.2%
Bite your ____Tongue
93.8%
Break a ___Leg
93.3%
A no-____erBrain
91.9%
Beauty is only ____ deepSkin
91.7%
You've got egg on your ____Face
91.3%
Born with a silver spoon in your ___Mouth
91.3%
My ____ are tiedHands
91%
A weight off your ____Shoulders
90.3%
____jerk reactionKnee
90.2%
Keep a stiff upper ____Lip
89.7%
Expression Body Part % Correct
Two ____ are better than oneHeads
88.8%
Wet behind the ____Ears
88.5%
Tongue in ____Cheek
86.7%
Jump down your ____Throat
85.9%
A slap on the ____Wrist
84.1%
An albatross around the ____Neck
82.9%
____ sandwichKnuckle
82.4%
Keep your ____ to the grindstoneNose
80.5%
A ____ in the closetSkeleton
75.3%
____ of steelNerves
74.4%
___ of the dogHair
74.2%
He's all ____Thumbs
66.5%
Grease his ____Palm
64.9%
A shot in the ____Arm
59.4%
Set your ____ on edgeTeeth
52.5%
____ up on (something)Bone
41.6%

You're not logged in!

Compare scores with friends on all Sporcle quizzes.
OR
Log In

From the Vault

'C' Logos Close-Up

by BoggelTeam

You'll have to get close to 'C' these logos.
Remove Ads.
Support Sporcle.
Get the best of Sporcle when you Go Orange. This ad-free experience offers more features, more stats, and more fun while also helping to support Sporcle. Thank you for becoming a member.

Show Comments

Extras

Top Quizzes Today


Score Distribution

Your Account Isn't Verified!

In order to create a playlist on Sporcle, you need to verify the email address you used during registration. Go to your Sporcle Settings to finish the process.

Report this User

Report this user for behavior that violates our Community Guidelines.

Details: